Introducción a la econometría

Bewaard in:
Bibliografische gegevens
Hoofdauteur: Maddala, G. S. (autor)
Formaat: Boek
Taal:Spaans
Gepubliceerd in: Ciudad de México Prentice Hall Hispanoamericana 1996
Editie:2a. ed
Onderwerpen:
Tags: Voeg label toe
Geen labels, Wees de eerste die dit record labelt!

MARC

LEADER 00000nam a2200000 a 4500
001 UCQ2544
003 CL-VaPUC
008 980724e19960000MX |||||||||||||||||spa|d
082 0 4 |a 330.015  |b MAD  |2 21 
100 |a Maddala, G. S.  |e autor  |9 416489 
245 1 0 |a Introducción a la econometría 
250 |a 2a. ed 
300 |a 715 p 
942 |c BK 
945 |d 19980724 00:00:00  |a aarredon 
260 |a Ciudad de México  |b Prentice Hall Hispanoamericana  |c 1996 
650 0 |a Econometría   |9 261029 
650 0 |a Estadística   |9 259535 
650 0 |a Álgebra   |x Matrices  |9 369268 
650 7 |a REGRESION  |2 CL-VaPUC  |9 416490 
650 0 |a Variables  |9 338106 
650 0 |a Ecuaciones  |9 260137 
650 0 |a Verificación  |9 352302 
650 0 |a Validación  |9 352301 
650 0 |a Vectores  |9 317184 
650 0 |a Matrices   |9 22 
583 |a last modification  |c 19980724 00:00:00  |k Rodrigo Vera 
999 |c 273361  |d 273359 
952 |0 0  |1 0  |4 0  |6 330_015000000000000_MAD_1996  |7 0  |8 A  |9 308844  |a BIBENE  |b BIBENE  |d 2019-11-20  |i 3444708  |o 330.015 MAD 1996  |p 3444708  |r 2025-01-15  |w 2019-11-20  |y BK  |k ICO 
952 |0 0  |1 0  |4 0  |6 330_015000000000000_MAD_1996  |7 0  |8 A  |9 308845  |a BIBENE  |b BIBENE  |d 2019-11-20  |i 3529002  |o 330.015 MAD 1996  |p 3529002  |r 2025-01-15  |w 2019-11-20  |y BK  |k ICO